La conquista de China por Mao Tsé-Tung: (Registro nro. 10780)

Detalles MARC
000 -Cabecera
Campo de control interno 00446nam a2200181Ia 4500
005 - Fecha y hora del registro
control field 20260306161857.0
008 - Elementos de Longitud Fija
fixed length control field 260306t1966||||xx |||||||||||||| ||spa||
041 ## - Idioma
Codigo Idioma ESP
082 ## - DEWEY y NOTACIÓN INTERNA
Dewey 951
Notación Interna CH526
100 ## - AUTOR
Autor denominación Chassín, L. M.
Término de relación autor
245 #0 - TÍTULO DE MATERIAL BIBLIOGRÁFICO
Título La conquista de China por Mao Tsé-Tung:
Título paralelo (1945-1949)
260 ## - CIUDAD, EDITORIAL, AÑO
Año 1966
300 ## - DESCRIPCIÓN
N° Páginas 284 páginas :
Dimensiones 18 cm.
650 ## - TEMAS
Temas Generalidades
654 ## - PROGRAMAS
Programa Dpto. de Humanidades
942 ## - ELEMENTOS DE KOHA
Tipo de documento Libro
Nombre del creador Justo Noguera
Código de catalogador Justo Noguera
Esquema de clasificación Dewey Decimal Classification
Suppress in OPAC
Existencias
Codigo completo Registro Colección Copia número Disponibilidad Tipo de préstamo Biblioteca Actual Procedencia (Biblioteca) Ubicacón Fecha Ingreso Tipo de Adquisición Date last seen Total checkouts Total renewals Date due Date last checked out Price effective from Tipo de Item Estado del Material Fuente de Clasificación Damaged status Withdrawn status
951 CH526 1012921 Universidad Católica San Pablo 1 Disponible Disponible Víctor Andrés Belaunde Víctor Andrés Belaunde Planta baja abierta 03/06/2026 Donación 20/04/2026 1 2 01/05/2026 20/04/2026 06/03/2026 Libro Bueno Dewey Decimal Classification